000
00285nam a2200133Ia 4500
100
_a
Daniels/H.R
942
_c
BK
654
_a
Hand book
245
_a
Press Brake & Shear Hand book
260
_b
Cahners Books
_a
Boston
_c
1974
082
_a
621.9
300
_a
186
546
_a
ENGLISH
999
_c
20909
_d
20909